Systémy a nástroje pro efektivní řízení výroby

Vymedzenie pojmu plánovanie výroby. Účel a podstata riadenia výroby. Stručný prehľad a charakteristika najpoužívanejších moderných systémov riadenia SW. MRP - Material requirement planing, BOA - Belastungsorientierte Auftragsfreigabe, OPT - Optimized production technology, JIT - Just-in-time. Ciele,...

Descripción completa

Guardado en:
Detalles Bibliográficos
Autor principal: Horváth, Gejza
Otros Autores: Šimon, Michal
Formato: Capítulo de libro
Lenguaje:checo
Materias:
Etiquetas: Agregar Etiqueta
Sin Etiquetas, Sea el primero en etiquetar este registro!

MARC

LEADER 00000naa a2200000 4500
001 r037879
005 20231002100635.3
041 0 |a cze 
044 |a CZ 
245 1 0 |a Systémy a nástroje pro efektivní řízení výroby  |c Gejza Horváth, Michal Šimon 
520 |a Vymedzenie pojmu plánovanie výroby. Účel a podstata riadenia výroby. Stručný prehľad a charakteristika najpoužívanejších moderných systémov riadenia SW. MRP - Material requirement planing, BOA - Belastungsorientierte Auftragsfreigabe, OPT - Optimized production technology, JIT - Just-in-time. Ciele, nástroje a metódy organizácie práce vo výrobnom podniku. 
610 2 0 |a riadenie výroby 
610 2 0 |a organizácia práce 
610 2 0 |a organizácia výroby 
610 2 0 |a proces výrobný 
610 2 0 |a technológie informačné 
610 2 0 |a systémy riadenia 
610 2 0 |a plánovanie výroby 
610 2 0 |a podnik 
100 1 |a Horváth, Gejza 
700 1 |a Šimon, Michal